Mujer medieval y pobreza (Record no. 219613)
[ view plain ]
| 000 -CABECERA | |
|---|---|
| Campo de control de longitud fija | 00561naa a22001217u 4500 |
| 008 - CÓDIGOS DE INFORMACIÓN DE LONGITUD FIJA | |
| Campo de control de longitud fija | 130517b1986 xxu||||| |||| 00| 0 spa d |
| 040 ## - FUENTE DE LA CATALOGACIÓN | |
| Centro catalogador del origen | SPA |
| 100 1# - PUNTO DE ACCESO PRINCIPAL-NOMBRE DE PERSONA | |
| Nombre de persona | López Alonso, Carmen |
| 9 (RLIN) | 7346 |
| 245 00 - MENCIÓN DE TÍTULO | |
| Título | Mujer medieval y pobreza |
| 300 ## - DESCRIPCIÓN FÍSICA | |
| Extensión | 261-272 p. |
| Dimensiones | 24 cm. |
| 773 0# - ENLACE AL DOCUMENTO FUENTE | |
| Título | La condición de la mujer en la Edad Media:Actas de Coloquio celebrado en la Casa de Velazquez, del 5 al 7 de noviembre de 1984 |
| Encabezamiento principal | FONQUERNE, Yves-René; ESTEBAN, Alfonso;LADERO QUESADA, Miguel Ángel |
| Lugar, editor y fecha de publicación | Madrid,Universidad Complutense,1986, |
| Parte(s) relacionada(s) | págs. 261-272 |
| Número Internacional Normalizado para Libros (ISBN) | 84-7491-202-4, |
| Número de control del registro relacionado | 74787 |
| 942 ## - ENTRADA DE ELEMENTOS AGREGADOS (KOHA) | |
| Koha [por defecto] tipo de item | Artículo de colaboración |
| Suprimido | Perdido | Estropeado | No para préstamo | Localización permanente | Localización actual | Localización en estantería | Fecha adquisición | Préstamos totales | Signatura completa | Fecha última consulta | Fecha del precio de reemplazo | Tipo de item de Koha |
|---|---|---|---|---|---|---|---|---|---|---|---|---|
| San Esteban | San Esteban | Depósito de libros | 21/05/2013 | 9462 COLO con | 21/05/2013 | 21/05/2013 | Artículo de colaboración |
